Chronicles of the Schönberg-Cotta family / (Record no. 185700)

MARC details
000 -LEADER
campo de control de longitud fija 00708nam a2200205 i 4500
001 - NÚMERO DE CONTROL
campo de control 185700
003 - IDENTIFICADOR DE NÚMERO DE CONTROL
campo de control ES-MaACL
005 - FECHA Y HORA DE LA ÚLTIMA TRANSACCIÓN
campo de control 20250802063122.0
008 - DATOS DE LONGITUD FIJA--INFORMACIÓN GENERAL
campo de control de longitud fija 160803s1867 gw |||| | eng d
100 1# - ENTRADA PRINCIPAL--NOMBRE DE PERSONA
Nombre de persona Charles, Elizabeth Rundle,
Fechas asociadas al nombre 1828-1896
9 (RLIN) 156042
245 10 - MENCIÓN DEL TÍTULO
Título Chronicles of the Schönberg-Cotta family /
Mención de responsabilidad, etc. [Elizabeth Rundle Charles].
260 ## - PUBLICACIÓN, DISTRIBUCIÓN, ETC.
Lugar de publicación, distribución, etc. Leipzig :
Nombre del editor, distribuidor, etc. Bernhard Tauchnitz,
Fecha de publicación, distribución, etc. [1867]
300 ## - DESCRIPCIÓN FÍSICA
Extensión 1 vol. ;
Dimensiones 16 cm.
490 1# - MENCIÓN DE SERIE
Mención de serie Collection of British Authors ;
Designación de volumen o secuencia 933-4
500 ## - NOTA GENERAL
Nota general El encabezamiento tomado del Brit. Mus. Cat.
597 ## - NOTA DE DESCRIPCIÓN FÍSICA
NOTA DE DESCRIPCIÓN FÍSICA 2 t. en 1 vol.
830 0# - PUNTO DE ACCESO ADICIONAL DE SERIE-TÍTULO UNIFORME
Título uniforme Collection of British Authors ;
Designación de volumen o secuencia 933-4
9 (RLIN) 180703
852 ## - LOCALIZACIÓN
Ubicación ES-MaACL
Número de control de estantería G-13083
Holdings
Estatus retirado Estado de pérdida Estado de daño No para préstamo Colección Biblioteca de origen Biblioteca actual Ubicación en estantería Fecha de adquisición Fuente de adquisición Total de préstamos Signatura topográfica completa Código de barras Visto por última vez Precio de reemplazo Tipo de ítem Koha
        Libros del s. XIX Biblioteca del Ateneo de Madrid Biblioteca del Ateneo de Madrid Sala Pecera Planta 3 03/08/2016     G-13083 1195751 23/02/2023 23/02/2023 Libro impreso antiguo